IDFR 2011 training programme.
| Corporate Author: | |
|---|---|
| Format: | Book |
| Published: |
Kuala Lumpur:
IDFR,
2011.
|
| Subjects: |
| LEADER | 00531cam a2200169 7i4500 | ||
|---|---|---|---|
| 001 | 0000026440 | ||
| 005 | 20110713090000.0 | ||
| 022 | 0 | 0 | |a 1985353X |
| 090 | 0 | 0 | |a M 650 |b INS |
| 110 | 2 | 0 | |a Institute of Diplomacy and Foreign Relation (IDFR) |
| 245 | 2 | 0 | |a IDFR 2011 training programme. |
| 260 | 0 | 0 | |a Kuala Lumpur: |b IDFR, |c 2011. |
| 300 | # | # | |a 122 p. |
| 650 | 0 | 0 | |a International relations -- |x Training -- |z Malaysia |
| 650 | 0 | 0 | |a Training programmes -- |z Malaysia |
| 651 | 0 | 0 | |a Malaysia |
| 999 | |a 0000028509 |b Book |c Malaysia |e Business Information Centre | ||